000 00492nam a22001697a 4500
005 20250405151626.0
008 250405b |||||||| |||| 00| 0 eng d
020 _a9780751707373
050 _aKD2040
_b.A73 2001
245 _aACCA Study Text:
_bPAPER 2.2 - Corporate and Business Law /
250 _a1st ed.
260 _aLondon
_bBPP Publishing Ltd.
_cc2001
300 _axx, 528pgs
_billustrations, index
_c29cm
650 _2Corporate
650 _2Business Law
942 _2lcc
_cBK
_e1st ed.
999 _c5368
_d5368